008830000a2200253000450024501400000030000120014050000290015265000130018165000180019465000150021265000220022765100610024965300240031065300490033465300520038304100130043570000240044870000240047270000190049670000180051510000200053326000230055377300530057610aComparison of environmental conditions and their effects on call characteristics of five frog species in a colombian highland community a285-294 a14aAnfibios14aBioacústica14aEtología14aUso del hábitat 4lParque Nacional Natural ChingazadCundinamarcapColombia gHylaeHyla Labialis gEleutherodactyluseEleutherodactylus elegans gEleutherodactyluseEleutherodactylus bogotensis0 aInglés1 aAmézquita, Adolfo1 aGuzmán, Francisco1 aBernal, Ximena1 aAgudelo, Liza1 aLuddecke, Horst aFranciabSEHc19981 tIn Miaud, C.; Guayetant, R. Eds./ bourget du lac